BUBT Library Online Catalog

Digital Control Systems / (Record no. 6229)

000 -LEADER
fixed length control field 00737nam a22002417a 4500
003 - CONTROL NUMBER IDENTIFIER
control field BUBTL
008 - FIXED-LENGTH DATA ELEMENTS--GENERAL INFORMATION
fixed length control field 200113b xxu||||| |||| 00| 0 eng d
020 ## - INTERNATIONAL STANDARD BOOK NUMBER
International Standard Book Number 9780198083542
041 ## - LANGUAGE CODE
Language code of text/sound track or separate title eng
082 ## - DEWEY DECIMAL CLASSIFICATION NUMBER
Classification number 629.8/ K9643d/ 2007
100 ## - MAIN ENTRY--PERSONAL NAME
Personal name Kuo, Benjamin C.
9 (RLIN) 2904
245 ## - TITLE STATEMENT
Title Digital Control Systems /
Statement of responsibility, etc. Benjamin C. Kuo
250 ## - EDITION STATEMENT
Edition statement 2nd ed.
260 ## - PUBLICATION, DISTRIBUTION, ETC. (IMPRINT)
Place of publication, distribution, etc. India:
Name of publisher, distributor, etc. Oxford University Press,
Date of publication, distribution, etc. c2007
300 ## - PHYSICAL DESCRIPTION
Extent xx, 751p . :
Other physical details ills. ;
Dimensions 24 cm.
500 ## - GENERAL NOTE
General note Includes Index
505 ## - FORMATTED CONTENTS NOTE
Formatted contents note Digital Control Systems, Benjamin C. Kuo
526 ## - STUDY PROGRAM INFORMATION NOTE
Program name Electrical and Electronic Engineering
650 #0 - SUBJECT ADDED ENTRY--TOPICAL TERM
Topical term or geographic name as entry element Electrical and Electronic Engineering
9 (RLIN) 4295
856 ## - ELECTRONIC LOCATION AND ACCESS
Password 0
Logon 0
Link text Download
942 ## - ADDED ENTRY ELEMENTS (KOHA)
Source of classification or shelving scheme
Koha item type Books
Holdings
Withdrawn status Lost status Source of classification or shelving scheme Damaged status Not for loan Collection code Permanent location Current location Shelving location Date acquired Source of acquisition Inventory number Total Checkouts Full call number Barcode Date last seen Copy number Price effective from Koha item type
          Non-fiction Bangladesh University of Business and Technology Library Bangladesh University of Business and Technology Library Electronic Engineering Stacks 01/13/2020 Purchase 26603   629.8/ K9643d/ 2007 BUBTL-200326603 01/13/2020 C-1 01/13/2020 Books
          Non-fiction Bangladesh University of Business and Technology Library Bangladesh University of Business and Technology Library Electronic Engineering Stacks 01/13/2020 Purchase 26604   629.8/ K9643d/ 2007 BUBTL-200326604 01/13/2020 C-2 01/13/2020 Books
          Non-fiction Bangladesh University of Business and Technology Library Bangladesh University of Business and Technology Library Electronic Engineering Stacks 01/13/2020 Purchase 26605   629.8/ K9643d/ 2007 BUBTL-200326605 01/13/2020 C-3 01/13/2020 Books
        Not For Loan Non-fiction Bangladesh University of Business and Technology Library Bangladesh University of Business and Technology Library Electronic Engineering Stacks 01/13/2020 Purchase 26606   629.8/ K9643d/ 2007 BUBTL-200326606 01/13/2020 C-4 01/13/2020 Books
          Non-fiction Bangladesh University of Business and Technology Library Bangladesh University of Business and Technology Library Electronic Engineering Stacks 01/13/2020 Purchase 26607   629.8/ K9643d/ 2007 BUBTL-200326607 01/13/2020 C-5 01/13/2020 Books

More Information About Library

Library Hours

  • Open: 9.00 am. to 9.00 pm.
  • Only Sunday: 9.00 am. to 6.00 pm.
  • Closed: Holiday

Contact to the University

Bangladesh University of Business and Technology Library

  • Mirpurl-2, 1216.
  • Phone:
  • Fax:
  • E-Mail: admin.library@bubt.edu.bd

Contact to the Library

Contact Person:

Md. Abdul Hakim Shah
Joint Librarian
PABX No:  113
Cell No: 01816332931
E-mail: official: admin.library@bubt.edu.bd
Personal: hakim.shah@bubt.edu.bd


BUBT Library

Copyright © 2021